Site and E-Commerce Design: (Record no. 83270)
[ view plain ]
| 000 -LEADER | |
|---|---|
| fixed length control field | 00457nam a22001697a 4500 |
| 003 - CONTROL NUMBER IDENTIFIER | |
| control field | URS |
| 005 - DATE AND TIME OF LATEST TRANSACTION | |
| control field | 20250630151847.0 |
| 040 ## - CATALOGING SOURCE | |
| Transcribing agency | URS |
| 050 ## - LIBRARY OF CONGRESS CALL NUMBER | |
| Classification number | TK5105888 |
| Item number | B78 2002 |
| 100 ## - MAIN ENTRY--PERSONAL NAME | |
| Personal name | Brown, Jeffrey |
| Dates associated with a name | 2002 |
| Relator term | Author |
| 245 ## - TITLE STATEMENT | |
| Title | Site and E-Commerce Design: |
| Remainder of title | Study Guide |
| 264 ## - PRODUCTION, PUBLICATION, DISTRIBUTION, MANUFACTURE, AND COPYRIGHT NOTICE | |
| Place of production, publication, distribution, manufacture | USA: |
| Name of producer, publisher, distributor, manufacturer | Neil Eddie Sybex Inc., |
| Date of production, publication, distribution, manufacture, or copyright notice | [2002] |
| 300 ## - PHYSICAL DESCRIPTION | |
| Extent | 960 pages |
| 700 ## - ADDED ENTRY--PERSONAL NAME | |
| Personal name | Thomas, Susan L. |
| Dates associated with a name | 2002 |
| Relator term | Author |
| 700 ## - ADDED ENTRY--PERSONAL NAME | |
| Personal name | Bruzzese, J. Peter |
| Dates associated with a name | 2002 |
| Relator term | Author |
| 942 ## - ADDED ENTRY ELEMENTS (KOHA) | |
| Source of classification or shelving scheme | Library of Congress Classification |
| Koha item type | Foreign Books |
| Withdrawn status | Source of classification or shelving scheme | Damaged status | Not for loan | Home library | Current library | Date acquired | Total Checkouts | Full call number | Barcode | Date last seen | Price effective from | Koha item type |
|---|---|---|---|---|---|---|---|---|---|---|---|---|
| Library of Congress Classification | Binangonan College Library | Binangonan College Library | 06/30/2025 | TK5105888 B78 2002 | URSBIN-3154 | 06/30/2025 | 06/30/2025 | Foreign Books |